Word Ladder: June 6, 1944 Quiz Stats

 Plays Quiz Updated Jun 6, 2019

Score 0/10 Timer 01:00
4 Plays Today
Clue 3-Letter Word % Correct
FatherDAD
97.2%
Place of restBED
96.8%
• 24-hour period •• DAY •
96.6%
Pollen carrierBEE
95.9%
Helicopter parking spotPAD
94.7%
Poor qualityBAD
94.3%
Better than a bogeyPAR
84.2%
• Sandra or Ruby, e.g. •• DEE •
82.2%
Money rollWAD
78.9%
Card game for twoWAR
72.3%

Today's Daily Dose

Word Ladder
Lean on Me

Get the Picture
Superhero by Villain

You're not logged in!

Compare scores with friends on all Sporcle quizzes.
OR
Log In

Sporcle TV

Today on Sporcle TV


Watch our educational content, quiz creation guides, and fun videos on Sporcle TV.

Show Comments

Extras

Top Quizzes Today


Score Distribution

Your Account Isn't Verified!

In order to create a playlist on Sporcle, you need to verify the email address you used during registration. Go to your Sporcle Settings to finish the process.

Report this User

Report this user for behavior that violates our Community Guidelines.

Details: